Quizzes
Events
Quiz Creation
Community
Videos
Private Events
Remove Ads
Sign In
Join for FREE
Feedback
Dark Mode
Quiz Categories
Sports
Geography
Music
Movies
Television
Just For Fun
Miscellaneous
History
Literature
Language
Science
Gaming
Entertainment
Religion
Holiday
For Kids
Quiz Lab
Recent
Popular Today
Quiz Kudos Today
Editor Picks
Curator Picks
Quizzes by...
Day
Popularity
Type
Ratings
Length
Year
Community
Subscriptions
Recent Discussions
Orange Saloon
Badges
Playlists
Quests
Create
Leaderboards
Showdown
Live 5
Trivia Bingo
Activity
Puzzle Library
Sporcle Events
Private Events
Virtual Trivia
Globe League
Become a Host
Pub Owners
SporcleCon
Opinionation
Our Games
Videos
Blog
Mobile Apps
Partnerships
Remove Ads and Go Orange
Feedback
Sports
Athletes
MLB
NBA
NHL
NFL
Soccer
Sports Teams
WWE
NCAA
Football
Premier League
Basketball
Baseball
Hockey
Golf
Tennis
Cricket
Rugby
Auto Racing
Olympics
World Cup
Sports
Athletes
MLB
NBA
NHL
NFL
Soccer
Sports Teams
WWE
NCAA
Football
Premier League
Basketball
Baseball
Hockey
Golf
Tennis
Cricket
Rugby
Auto Racing
Olympics
World Cup
Random Quiz
Search Sporcle
×
Quiz Lab
Quiz Lab
Sports
Baseball
Type in answers that appear in a list
Type in answers that appear in a list
Classic
Best Score? Go Orange.
Baseball Before and After Stats
Can you name the baseball-themed 'before-and-after' puzzles?
By
angelsfan718
7m
20 Questions
244 Plays
244 Plays
244 Plays
Comments
Comments
Give Quiz Kudos
Give Quiz Kudos
-
- Ratings
hide this ad
Replay
Link that replays current quiz
Next Quiz
Link to next quiz in quiz playlist
You Got
0%
They Got
Avg Score
22%
Avg Friend Score
Upgrade to see
Score Distribution
Jump to the score distribution portion of the page
Score
0/20
Timer
07:00
0
Plays Today
Before Clue
Answer
% Correct
Los Angeles Angels outfielder, noted for uncanny ability of robbing home runs
Torii Hunter Pence
65.6%
Hall of Fame outfielder, held career record for home runs until 2007
Hank Aaron Harang
64.3%
Outfielder traded with Cliff Lee from the Indians to the Phillies
Ben Francisco Rodriguez
63.1%
Pitcher who threw a perfect game-
-
and a camera at a reporter
Kenny Rogers Hornsby
57.8%
2002 baseball movie starring Dennis Quaid
The Rookie of the Year
43%
Former MLB pitcher, finished career with 288 wins after 25 seasons
Tommy John Smoltz
35.2%
Los Angeles Dodgers third baseman, acquired in 2008 from the Cleveland Indians
Casey Blake DeWitt
23.8%
Former MLB second baseman, all-
time leader in home runs amongst second basemen
Jeff Kent Hrbek
22.5%
2010 Ford C. Frick Award Recipient
Jon Miller Huggins
15.2%
Former MLB pitcher who claims to have thrown no-
hitter while high on LSD
Dock Ellis Burks
13.5%
Before Clue
Answer
% Correct
New York Mets catcher, played in independent leagues until age 33
Chris Coste Guard
7%
Highly-
praised baseball video game series, ended after 2005
MVP Baseball Mogul
4.9%
Film about the Black Sox Scandal
Eight Men Out of the Park Baseball
4.5%
Hall of Fame Pittsburgh Pirates player, first name constantly mispronounced
Honus Wagner Mateo
4.5%
Former Major League pitcher who won the 1982 World Series with the St. Louis Cardinals
Joaquin Andujar Cedeno
4.5%
Former MLB pitcher, pitched notably for Boston Red Sox; currently in NPB
Bryan Corey Hart
4.1%
Hall of Fame second baseman, most notably part of the 'Big Red Machine'
Joe Morgan Burkhart
4.1%
Former MLB pitcher, played for Seattle Mariners three separate times and won World Series four times with the New York Yankees
Jeff Nelson Briles
3.7%
1940s baseball movie
Damn Yankees win! Theeeeeeee Yankees win!
2.9%
Former MLB outfielder, played 15 seasons, born in Dominican Republic
Felix Jose Valentin
2.5%
Quiz Playlist
Details
Report
Send in Message
Add To Playlist
Classic:
Type in answers that appear in a list
Last Updated: Feb 16, 2017
Quiz Scoreboard
CHALLENGE
Sign Up to Join the Scoreboard
Show All
Scores
Hide
Comments
May contain spoilers
Recently Published
1-10 Letter E Words III
by El_Dandy
Language
2m
One Thing in Common: World Cities II
by knightlancer
Geography
7m
Popular People in 1961
by mucciniale
History
6m
More to Explore
Quiz From the Vault
Featured Blog Post
Where Did the Easter Bunny Come From?
hide this ad
You Might Also Like...
Tags
Baseball Quiz
Puzzle Quiz
before
Before and After
Today's Top Quizzes in Sports
Browse Sports
hide this ad
Today's Top Quizzes in Baseball
Browse Baseball
Top Contributed Quizzes in Sports
1
Les meilleurs buteurs des matchs entre le PSG et l’OM
2
Les entraîneurs de l'OM et du PSG au 21e siècle
3
FIFA Club World Cup Champions
4
2022 World Cup Stars
5
Name the Premier League winners with different clubs
6
La finale Lions - Afrique du Sud 2021
7
Criteria MLB: Left Handed Sluggers
8
Players with Multiple 50 Home Run Seasons
9
MLB Players with Two .350 Batting Average Seasons
10
MLB Hall of Famer by Rings
Explore More
Trending Topics
NBA
Harry Potter
Kpop
Anime
Disney
Marvel
Crossword
Pokémon
The Office
Soccer
Puzzle
NFL
Country
WWE
Song
hide this ad
More By:
angelsfan718
Quiz
Plays
Rating
Category
Featured
Created
Baseball Team Name Origins
2,271
2.30
Sports
Feb 20, 2010
2002 Anaheim Angels
281
4.50
Sports
Feb 12, 2010
Baseball Before and After
244
2.00
Sports
Feb 20, 2010
AL Rookies of the Year
92
1.00
Sports
Jan 18, 2010
Go to Creator's Profile
Score Distribution
Quiz Creator Spotlight
angelsfan718
Follow
Send a Message
Quizzes Created
-
Created Quiz Play Count
-
More By This Creator
Popular Quizzes Today
1
Find the US States - No Outlines Minefield
2
Find the Countries of Europe - No Outlines Minefield
3
The Countries of the World
4
Popular People in 1961
5
1-10 Letter E Words III
6
Find the US States
7
One Thing in Common: World Cities II
8
US States
More Sports Quizzes
All Big 4 Teams States & Provinces
Published
Trending Quizzes
Risky Map Clicking: Least Populous States A-Z
1-10 Letter F Words
1-10 Letter G Words
One Thing in Common: United Kingdom
Risky Map Clicking: Biggest States A-Z
Recently Updated
Leaping Animals
pecheneg
Reality TV Shows (A-Z)
bhenderson79
Rickey Henderson's Hall of Fame Teammates
pecheneg
Champions League XIs: Arsenal
pecheneg
Quick Pick: Celebrities in WWE's Hall of Fame
aduchscher
A-Z Keypad Blitz II
pecheneg
Multiple Oscar Actors
pecheneg
Mystery Phrase Blitz: Oscar 'Best Actors'
pecheneg
F. Scott Fitzgerald Novels
LTH
Pick 3 Villains
ddd62291
Trending Topics
Anime
Disney
Crossword
Kpop
NBA
Harry Potter
Marvel
WWE
Puzzle
NFL
Country
Pokémon
The Office
Song
Soccer
Your Account Isn't Verified!
In order to create a playlist on Sporcle, you need to verify the email address you used during registration. Go to your
Sporcle Settings
to finish the process.
Report this User
Report this user for behavior that violates our
Community Guidelines
.
Details:
Send Report
Go to the Sporcle.com Mobile Site →
Comments